000 00819nam a22002537a 4500
005 20170123162319.0
010 _aA-456827
020 _c10.00
035 _aA-456827
037 _bCen Lib/Ret
040 _aDPL
_bUR
082 _a841
_bس ر ش
100 _aسرشاری ہوشیارپوری
_9116258
245 _aنا وء نوش /
_cسرشاری ہوشیارپوری
246 _a Nao-e-nosh /
_bby Sarshari Hoshiarpuri
260 _aنیی دہلی
_bخمخانہ آبجی
_c1988
270 _bنیی دہلی
_aراجوری گارڈن
_e110027
300 _a160p.
_c17cm(Hb)
650 _a ادب - اردو
_v
_9116259
650 _a اردو شاعری
_9462
650 _aLiterature -- Urdu
_9116260
650 _aUrdu poetry
_9116261
942 _2ddc
_cUR
_h841
_mس ر ش
999 _c106962
_d106962